000 01346nam0a22003611 4500
001 RU\INFOCOMM_322\NLR\5000106132
005 20250613104200.0
035 _a(NLR Aleph) 009488636
090 _a8634062
_c8634062
100 _a20121213d1989 |||y0rusy50 ca
101 0 _aeng
102 _aRU
105 _ay z |||||
200 1 _aOn the magnetic moments of baryons
_fM. Krivoruchenko, B. Martemyanov, M. Shepkin
210 _aM.
_cAtominform
_d1989
215 _a7 с.
_d20 см
225 1 _aInstitute of theoretical and experimental physics
_v23-89
300 _aВ вып. дан.: О магнитных моментах барионов / М. Криворученко и др.
320 _aБиблиогр.: с. 7
606 0 _aБарионы
_xМагнитные моменты
_92116518
_3RU\NLR\AUTH\661278571
620 _aМосква
686 _aВ382.292.1-42
_2rubbk
700 1 _9z01790
_aKrivoručenko
_bM. I.
_gMichail Ivanovič
701 1 _9z02790
_aMartem'janov
_bB. V.
_gBoris Veniaminovič
701 1 _9z03790
_aSčepkin
_bM. G.
_gMichail Germanovič
790 1 _9z01700
_aKrivoruchenko
_bM. I.
_4070
790 1 _9z02701
_aMartemyanov
_bB. V.
_4070
790 1 _9z03701
_aShepkin
_bM.
_4070
801 1 _aRU
_bNLR
_c20121213
801 0 _aRU
_bINFOCOMM
_gPSBO
852 _aNLR
_jФз01 Д-4/5333
942 _cBOOK
980 _aNB